Catálogo

HERBICIDAS Y FUNDAMENTOS DEL CONTROL DE MALEZAS (Registro nro. 61030)

Detalles MARC
000 -LEADER
fixed length control field 00443nam a2200157 a 4500
001 - CONTROL NUMBER
control field 61030
005 - DATE AND TIME OF LATEST TRANSACTION
control field 20180714062517.0
008 - FIXED-LENGTH DATA ELEMENTS--GENERAL INFORMATION
fixed length control field 140415s1980 000 0 spa d
041 ## - LANGUAGE CODE
Language code of text/sound track or separate title spa
082 ## - DEWEY DECIMAL CLASSIFICATION NUMBER
Classification number 623.954
Item number MAR
100 1# - MAIN ENTRY--PERSONAL NAME
Personal name MARSICO, OSVALDO J. V.
245 10 - TITLE STATEMENT
Title HERBICIDAS Y FUNDAMENTOS DEL CONTROL DE MALEZAS
260 ## - PUBLICATION, DISTRIBUTION, ETC.
Place of publication, distribution, etc. [s.l.] :
Name of publisher, distributor, etc. HEMISFERIO SUR,
Date of publication, distribution, etc. 1980
300 ## - PHYSICAL DESCRIPTION
Extent 298
650 14 - SUBJECT ADDED ENTRY--TOPICAL TERM
Topical term or geographic name entry element CONTROL DE MALEZAS
General subdivision HERBICIDAS
Existencias
Withdrawn status Lost status Source of classification or shelving scheme Damaged status Not for loan Collection code Home library Current library Shelving location Date acquired Source of acquisition Inventory number Total Checkouts Full call number Barcode Date last seen Date last checked out Price effective from Koha item type
    Dewey Decimal Classification     General Biblioteca Karol Wojtyla Biblioteca Karol Wojtyla Sala general 03/12/2013 Compra 151000000000000000013255   623.954 MAR 9725 05/01/2026 10/02/2017 03/12/2013 Libro